| 000 | 00511nam a2200169 i 4500 | ||
|---|---|---|---|
| 001 | 147739 | ||
| 003 | ES-MaACL | ||
| 007 | t| | ||
| 008 | 071005s1975 sp ||||1| spa d | ||
| 100 | 1 |
_aUrquijo, Alfonso de. _9112204 |
|
| 245 | 1 | 0 |
_aAlto Aragón _b: su naturaleza / _cAlfonso de Urquijo. |
| 260 |
_aZaragoza : _bEnergía e Industrias Aragonesas, _c[1975] |
||
| 300 |
_a146 p. : _bil. ; _c26 cm. |
||
| 500 | _aEs el tomo I. | ||
| 852 |
_aES-MaACL _jE-9683 _bR.94336 |
||
| 852 |
_aES-MaACL _jE-9684 _bR.94337 |
||
| 999 |
_c147739 _d147739 |
||